1932 1198 1379 1756 1165 1253 1913 1583 1256 1803 1025 1443 1759 1350 1135 1152 1961 1298 1070 1418 1205 1699 1001 1698 1376 1728 1044 1483 1180 1492 1823 1382 1995 1122 1734 1301 1211 1057 1282 1470 1256 1058 1370 1104 1374 1867 1241 1981 1930 1301 1643 1602 1603 1066 1415 1542 1735 1973 1142 1656 1674 1715 1771 1151 1798 1363 1055 1294 1625 1542 1897 1712 1685 1737 1762 1344 1915 1352 1754 1385 1957 1993 1714 1670 1647 1379 1297 1175 1776 1810 1304 1974 1212 1904 1830 1518 1038 1798 1796 BCNSPRNW ULIB Ver.6.0+V

เปลี่ยนเป็นภาษาไทย

Change to English
 แสดงรายละเอียดบรรณานุกรม
  กลับหน้าหลัก

Brief Record : Get Marc (ISO 2709) : E-mail record : QR code < ปิดหน้าต่าง
LEADER : 00000nam 2200000uu 4500
001    13399128907
003     ULIB
008    241028s2024||||th 000 0 tha d
020    ^a9780323710602
060 04 ^aWX39^bS541
245 00 ^aSheehy s manual of emergency care /^cEmergency NursesAssociation ; edited by Belinda B. Hammond, Polly GerberZimmermann
246 3  ^aManual of emergency care
250    ^a8th ed.
260    ^aSt. Louis, Mo. :^bElsevier/Mosby,^c2024
300    ^axxii, 540 p. :^bill. ;^c24 cm.
504    ^aIncludes bibliographical references and index
650  0 ^aEmergency medical services
650  0 ^aEmergency medicine
650  0 ^aEmergency nursing
650 12 ^aEmergency Medical Services^vHandbooks
650 22 ^aEmergency Medicine^vHandbooks
650 22 ^aEmergency Nursing^vHandbooks
700 1  ^aSheehy, Susan Budassi,^d1948-^tManual of emergency care
700 1  ^aHammond, Belinda Burns
700 1  ^aZimmermann, Polly Gerber
710 2  ^aEmergency Nurses Association
945    ^p2915^l0^i011154
999    ^aประนอม เกษจรัล
รายการนี้ยังไม่มีแท็ก
คุณยังไม่ได้ล็อกอิน คุณสามารถมีกิจกรรมร่วมกับเว็บไซต์ได้ แต่ต้องล็อกอินก่อน ::
  ล็อกอิน

รายการสื่อสารสนเทศ

ลำดับที่ ประเภท เลขเรียก/บาร์โค้ด สถานที่ สถานะ
1. วิทยาศาสตร์การแพทย์ และสุขภาพ
หนังสือสำรอง
สถานะ=หนังสือสำรอง
WX39 S541 ฉ.1 
  Barcode: 011154
ห้องสมุดวิทยาเขตสวรรค์ประชารักษ์
►หนังสือทั่วไป
บนชั้น

รายการใกล้เคียง
    หัวเรื่อง [Emergency medical services]
    หัวเรื่อง [Emergency medicine]
    หัวเรื่อง [Emergency nursing]

BibComment


ยังไม่เคยถูกคอมเมนท์

คอมเมนท์ทรัพยากรรายการนี้
  คอมเมนท์: Sheehy s manual ..


 Copyright 2026. Bcnsprnw @Library